Movies Quiz

Random Movies or Disney Quiz

Vowel-less Movies (2018) Quiz Stats

 Plays Quiz Updated Apr 16, 2019

Support Sporcle.
Go Orange.
Score 0/20 Timer 04:00
1 Play Today
Vowel-less Name Movie % Correct
blck pnthrBlack Panther
94.6%
nt-mn nd th wspAnt-Man and the Wasp
94.3%
ptr rbbtPeter Rabbit
92.8%
ncrdbls 2Incredibles 2
91.7%
mr pppns rtrnsMary Poppins Returns
89%
wrnkl n tmA Wrinkle in Time
86.8%
str s brnA Star Is Born
86.7%
rlph brks th ntrntRalph Breaks the Internet
86.8%
jrssc wrld: flln kngdmJurassic World: Fallen Kingdom
84.9%
tmb rdrTomb Raider
84.1%
Vowel-less Name Movie % Correct
qt plcA Quiet Place
83.9%
rmpgRampage
82.9%
cn's 8Ocean's 8
81.2%
bk clbBook Club
76.3%
th hs wth clck n ts wllsThe House with a Clock in Its Walls
74%
fft shds frdFifty Shades Freed
63.7%
bmblbBumblebee
62.8%
smllftSmallfoot
54.1%
th mgThe Meg
53.3%
th frst prgThe First Purge
42.7%

You're not logged in!

Compare scores with friends on all Sporcle quizzes.
OR
Log In

From the Vault

Friends vs. HIMYM

by becker9

Oh! My! God! This is going to be legen...wait for it...dary!
Remove Ads.
Support Sporcle.
Get the best of Sporcle when you Go Orange. This ad-free experience offers more features, more stats, and more fun while also helping to support Sporcle. Thank you for becoming a member.

Show Comments

Extras

Top Quizzes Today


Score Distribution

Your Account Isn't Verified!

In order to create a playlist on Sporcle, you need to verify the email address you used during registration. Go to your Sporcle Settings to finish the process.

Report this User

Report this user for behavior that violates our Community Guidelines.

Details: